000 00711nam a2200253 a 4500
001 adlib96000001
003 ViArRB
005 200902210153555.7
008 960221s1955 dcuabcdjdbkoqu001 0deng d
020 _a8174967834
022 _a
040 _aAdlib
082 _a336.215(540)
245 _aTaxmann's employees how to save income tax: as amended by finance act 2006
250 _a16th
260 _aNew Delhi
_bTaxmann Allied Services
_c2006
300 _a338p
_c
500 _a
100 _a
_e
700 _a
_a
942 _cBK
653 _aIncome Tax
952 _w2010-06-16
_p00056317
_r2010-06-16
_40
_00
_bUL
_10
_o336.215(540) TAX "2006"
_d2010-06-16
_70
_yBK
_aUL
999 _c50966
_d50965